[Event "Plzen Calliditas op 23rd"]
[Site "Plzen"]
[Date "2024.09.09"]
[Round "1"]
[White "Skoda, Jiri"]
[Black "Toman, Jan1"]
[Result "0-1"]
[WhiteElo "1837"]
[BlackElo "1977"]
[PlyCount "70"]
[EventDate "2024.09.09"]
[EventType "swiss"]
[EventRounds "7"]
[EventCountry "CZE"]
[SourceTitle "EXT 2025"]
[Source "ChessBase"]
[SourceDate "2024.10.14"]
[SourceVersion "1"]
[SourceVersionDate "2024.10.14"]
[SourceQuality "1"]

1. e4 e5 2. Nf3 Nc6 3. Bc4 Nf6 4. d3 Be7 5. c3 0-0 6. Bb3 d6 7. h3 Kh8 8. Bg5 Ng8 9. Bxe7 Qxe7 10. Nbd2 f5 11. Bxg8 Kxg8 12. Qe2 Bd7 13. 0-0 f4 14. d4 Kh8 15. Qc4 b5 16. Qd3 g5 17. dxe5 Nxe5 18. Nxe5 dxe5 19. f3 Rad8 20. Qe2 Rf6 21. Kf2 Qc5+ 22. Ke1 b4 23. c4 Ba4 24. b3 Rfd6 25. bxa4 Rxd2 26. Qxd2 Rxd2 27. Kxd2 Qd4+ 28. Kc2 Qxc4+ 29. Kb2 Qc3+ 30. Kb1 c5 31. Rc1 Qd3+ 32. Kb2 c4 33. Rab1 Qd4+ 34. Kc2 Qf2+ 35. Kd1 c3 0-1

[Event "Pilsen Region-chT 2223"]
[Site "Czech Republic"]
[Date "2022.11.27"]
[Round "4.6"]
[White "Skoda, Jiri"]
[Black "Vachal, Josef1"]
[Result "0-1"]
[WhiteElo "1607"]
[BlackElo "1759"]
[PlyCount "52"]
[EventDate "2022.10.09"]
[EventType "team-tourn"]
[EventRounds "11"]
[EventCountry "CZE"]
[SourceTitle "EXT 2024"]
[Source "ChessBase"]
[SourceDate "2023.10.10"]
[SourceVersion "1"]
[SourceVersionDate "2023.10.10"]
[SourceQuality "1"]
[WhiteTeam "Petrin"]
[BlackTeam "Domazlice"]
[WhiteTeamCountry "CZE"]
[BlackTeamCountry "CZE"]

1. e4 d5 2. exd5 Nf6 3. Nc3 Nxd5 4. Nxd5 Qxd5 5. d4 Nc6 6. c3 e5 7. dxe5 Qxd1+ 8. Kxd1 Nxe5 9. Bf4 Bd6 10. Bxe5 Bxe5 11. Nf3 Bf6 12. Bb5+ c6 13. Re1+ Be6 14. Bc4 0-0-0+ 15. Nd4 Bxc4 16. Kc2 Bxd4 17. cxd4 Rxd4 18. Kc3 Rhd8 19. Re3 Be6 20. b3 Rd2 21. Rf3 Re2 22. a4 Rdd2 23. Rf1 a5 24. h3 c5 25. h4 Rb2 26. Kd3 Bxb3 0-1

[Event "Pilsen Region-chT 2223"]
[Site "Czech Republic"]
[Date "2022.10.30"]
[Round "2.5"]
[White "Mraz, Milos"]
[Black "Skoda, Jiri"]
[Result "0-1"]
[WhiteElo "1905"]
[BlackElo "1607"]
[PlyCount "90"]
[EventDate "2022.10.09"]
[EventType "team-tourn"]
[EventRounds "11"]
[EventCountry "CZE"]
[SourceTitle "EXT 2024"]
[Source "ChessBase"]
[SourceDate "2023.10.10"]
[SourceVersion "1"]
[SourceVersionDate "2023.10.10"]
[SourceQuality "1"]
[WhiteTeam "Loko"]
[BlackTeam "Petrin"]
[WhiteTeamCountry "CZE"]
[BlackTeamCountry "CZE"]

1. d4 d5 2. Nf3 Nf6 3. c4 e6 4. Nc3 b6 5. cxd5 Nxd5 6. e4 Nxc3 7. bxc3 Bb7 8. Bb5+ c6 9. Bd3 Be7 10. 0-0 0-0 11. Qe2 Nd7 12. Rd1 Nf6 13. Bb2 Qc7 14. Rac1 c5 15. g3 c4 16. Bb1 Rad8 17. Ne5 b5 18. f4 Ne8 19. h3 f5 20. exf5 exf5 21. Kh2 Nd6 22. Rg1 Nf7 23. Rce1 Nxe5 24. fxe5 g6 25. Bc1 b4 26. Bd2 a5 27. Rc1 b3 28. Bf4 Qc6 29. g4 fxg4 30. Qxg4 Qf3 31. Qxf3 Bxf3 32. Bh6 Rf7 33. Rcf1 Bd5 34. Rxf7 Kxf7 35. Rf1+ Ke6 36. Bg7 Rb8 37. Kg3 a4 38. Bf6 bxa2 39. Bxa2 Rb2 40. Rb1 a3 41. Rxb2 axb2 42. Bxe7 Kxe7 43. Bb1 Be6 44. d5 Bxd5 45. Kf4 Be6 0-1